Bài tập Sinh học 9

محفوظ في:
التفاصيل البيبلوغرافية
المؤلف الرئيسي: Vũ, Đức Lưu
التنسيق: كتاب
اللغة:Undetermined
منشور في: Hà Nội Giáo dục 2009
الوسوم: إضافة وسم
لا توجد وسوم, كن أول من يضع وسما على هذه التسجيلة!
Thư viện lưu trữ: Trung tâm Học liệu Trường Đại học Cần Thơ
LEADER 00524nam a2200181Ia 4500
001 CTU_158089
008 210402s9999 xx 000 0 und d
020 |c 8700 
082 |a 570.712 
082 |b L566/L.9 
100 |a Vũ, Đức Lưu 
245 0 |a Bài tập Sinh học 9 
245 0 |c Vũ Đức Lưu ( chủ biên), Nguyễn Văn Tư 
260 |a Hà Nội 
260 |b Giáo dục 
260 |c 2009 
904 |i Phan Thị Kim Lan 
980 |a Trung tâm Học liệu Trường Đại học Cần Thơ